|
|
|
|
| LEADER |
02447nam a2200565 aa4500 |
| 001 |
nkc20091850074 |
| 003 |
CZ PrNK |
| 005 |
20230831064734.0 |
| 007 |
ta |
| 008 |
090106s2008 xr ab c p 000 0 cze |
| 015 |
|
|
|a cnb001850074
|
| 020 |
|
|
|a 978-80-7320-112-8
|q (učebnice ;
|q brož.)
|
| 020 |
|
|
|a 978-80-7320-125-8
|q (pracovní sešit ;
|q brož.)
|
| 035 |
|
|
|a (OCoLC)316681419
|
| 040 |
|
|
|a BOA001
|b cze
|d ABA001
|
| 072 |
|
7 |
|a 93/94
|x Dějiny (obecně)
|2 Konspekt
|9 8
|
| 072 |
|
7 |
|a 37.016
|x Učební osnovy. Vyučovací předměty. Učebnice
|2 Konspekt
|9 22
|
| 080 |
|
|
|a 93/94
|2 MRF
|
| 080 |
|
|
|a 903
|2 MRF
|
| 080 |
|
|
|a 94(3)
|2 MRF
|
| 080 |
|
|
|a (075.2)
|2 MRF
|
| 080 |
|
|
|a (076.1)
|2 MRF
|
| 100 |
1 |
|
|a Müller, Oldřich,
|d 1957-
|7 jo20010085423
|4 aut
|
| 245 |
1 |
0 |
|a Dějepis pro 2. stupeň základní školy praktické.
|n 1. díl,
|p Počátky lidské společnosti, nejstarší civilizace - starověk /
|c [autor Oldřich Müller ; ilustrace Jan Štěpánek]
|
| 246 |
3 |
0 |
|a Počátky lidské společnosti, nejstarší civilizace - starověk
|
| 246 |
3 |
0 |
|a Nejstarší civilizace - starověk
|
| 250 |
|
|
|a 1. vyd.
|
| 260 |
|
|
|a Praha :
|b Parta,
|c 2008
|
| 300 |
|
|
|a 2 sv. :
|b il. (převážně barev.), mapy ;
|c 30 cm
|
| 500 |
|
|
|a Spoluautor pracovního sešitu Jaroslava Müllerová
|
| 505 |
0 |
|
|a učebnice. 59 s. -- pracovní sešit. 42 s.
|
| 650 |
0 |
7 |
|a dějepis
|7 ph117186
|2 czenas
|
| 650 |
0 |
7 |
|a pravěk
|7 ph117254
|x dějiny
|2 czenas
|
| 650 |
0 |
7 |
|a starověk
|7 ph126028
|x dějiny
|2 czenas
|
| 650 |
0 |
9 |
|a history
|2 eczenas
|
| 650 |
0 |
9 |
|a prehistory
|2 eczenas
|
| 650 |
0 |
9 |
|a antiquity
|x history
|2 eczenas
|
| 655 |
|
7 |
|a učebnice základních škol
|7 fd133773
|2 czenas
|
| 655 |
|
7 |
|a pracovní sešity
|7 fd133116
|2 czenas
|
| 655 |
|
9 |
|a textbooks (elementary)
|2 eczenas
|
| 655 |
|
9 |
|a activity books
|2 eczenas
|
| 700 |
1 |
|
|a Müllerová, Jaroslava
|7 jx20050701056
|4 aut
|
| 700 |
1 |
|
|a Štěpánek, Jan,
|d 1948-
|7 jx20040629045
|4 ill
|
| 856 |
4 |
1 |
|u http://www.digitalniknihovna.cz/mzk/uuid/uuid:1c267560-9725-11ed-8f7f-005056825209
|y Digitalizovaný dokument
|x NDK
|
| 910 |
|
|
|a BOA001
|b 4-1217.367,1
|s učebnice, pracovní sešit
|t v
|
| 990 |
|
|
|a BK
|
| 995 |
|
|
|a 01
|
| 991 |
|
|
|b 200901
|c NOV
|
| 996 |
6 |
|
|b 2610363175
|c 4-1217.367,1
|d 1, učebnice
|v 1
|l MZK
|r Sklad / do 1 hodiny
|n 3
|p p.v.
|w 000925654
|u 000010
|a 1
|e BOA001
|j MZK50
|s P
|
| 996 |
6 |
|
|b 2610363176
|c 4-1217.367,1
|d 2, pracovní sešit
|v 1
|l MZK
|r Sklad / do 1 hodiny
|n 2
|p p.v.
|w 000925654
|u 000020
|a 1
|e BOA001
|j MZK50
|s P
|